<?xml version="1.0" encoding="UTF-8"?>
<record
    xmlns:xsi="http://www.w3.org/2001/XMLSchema-instance"
    xsi:schemaLocation="http://www.loc.gov/MARC21/slim http://www.loc.gov/standards/marcxml/schema/MARC21slim.xsd"
    xmlns="http://www.loc.gov/MARC21/slim">

  <leader>01036nam a22001937a 4500</leader>
  <controlfield tag="005">20210414113930.0</controlfield>
  <controlfield tag="008">120425t        xxu||||| |||| 00| 0 eng d</controlfield>
  <datafield tag="020" ind1=" " ind2=" ">
    <subfield code="a">109781598634808    101598634801</subfield>
  </datafield>
  <datafield tag="050" ind1=" " ind2=" ">
    <subfield code="a">QA76.73.C15V56</subfield>
  </datafield>
  <datafield tag="100" ind1=" " ind2=" ">
    <subfield code="a">Vine, Michael A.</subfield>
  </datafield>
  <datafield tag="245" ind1=" " ind2=" ">
    <subfield code="a">C programming:for the absolute beginner. /</subfield>
    <subfield code="c">Michael A. Vine</subfield>
  </datafield>
  <datafield tag="250" ind1=" " ind2=" ">
    <subfield code="a">2 nd</subfield>
  </datafield>
  <datafield tag="260" ind1=" " ind2=" ">
    <subfield code="a">New York:</subfield>
    <subfield code="b">Course Technology,</subfield>
    <subfield code="c">2009.</subfield>
  </datafield>
  <datafield tag="300" ind1=" " ind2=" ">
    <subfield code="a">xv, 317 p.:</subfield>
    <subfield code="b">ill.;</subfield>
    <subfield code="c">24cm.</subfield>
  </datafield>
  <datafield tag="500" ind1=" " ind2=" ">
    <subfield code="a">Includes index.</subfield>
  </datafield>
  <datafield tag="505" ind1=" " ind2=" ">
    <subfield code="a">Contents: Getting started with C programming -- Primary data types -- Conditions -- Looping structures -- Structured programming -- Arrays -- Pointers -- Strings -- Introduction to data structures -- Dynamic memory allocation -- File input and output -- The C preprocessor -- Appendix A: Common UNIX commands -- Appendix B: VIM quick guide -- Appendix C: NANO quick guide --Appendix D: common ASC II character codes -- Appendix E: Common C library functions.</subfield>
  </datafield>
  <datafield tag="650" ind1=" " ind2=" ">
    <subfield code="a">C (Computer program language) </subfield>
    <subfield code="x">Electronic books. </subfield>
  </datafield>
  <datafield tag="942" ind1=" " ind2=" ">
    <subfield code="2">lcc</subfield>
    <subfield code="c">BK</subfield>
  </datafield>
  <datafield tag="999" ind1=" " ind2=" ">
    <subfield code="c">771</subfield>
    <subfield code="d">8271</subfield>
  </datafield>
  <datafield tag="952" ind1=" " ind2=" ">
    <subfield code="0">0</subfield>
    <subfield code="1">0</subfield>
    <subfield code="2">lcc</subfield>
    <subfield code="4">0</subfield>
    <subfield code="7">0</subfield>
    <subfield code="a">WIUC-1</subfield>
    <subfield code="b">WIUC-1</subfield>
    <subfield code="c">GEN</subfield>
    <subfield code="d">2012-04-25</subfield>
    <subfield code="l">0</subfield>
    <subfield code="o">QA76.73.C15V56</subfield>
    <subfield code="p">1880/12</subfield>
    <subfield code="r">2012-04-25 00:00:00</subfield>
    <subfield code="t">1</subfield>
    <subfield code="w">2012-04-25</subfield>
    <subfield code="y">BK</subfield>
  </datafield>
</record>
